000 00303nam a22001337a 4500
008 170126b xxu||||| |||| 00| 0 eng d
020 _a9780323005067
041 _aeng
080 _22ND
_a61
100 _a3
101 _aMED
245 _aPROCEDURES FOR PRIMARY CARE
_cPFENNINGER, J.L
942 _2udc
_cBK
999 _c3786
_d3786